| 000 | 01917nam a22002777a 4500 | ||
|---|---|---|---|
| 001 | 8546 | ||
| 003 | FISKH | ||
| 005 | 20250918163342.0 | ||
| 008 | 250918b cb ||||| |||| 00| 0 eng d | ||
| 020 | _a9789996301155 | ||
| 040 |
_aFISKH _bkhr _cFISKH _dFISKH |
||
| 050 | _aPZ7 | ||
| 100 | _aTongleang, Noeun | ||
| 245 |
_aកំណប់ឪពុក : _bFather's buried treasure / _cនិពន្ធដោយ លោក នឿន តុងលាង |
||
| 260 |
_aPhnom Penh : _bReading Books , _c2010. |
||
| 300 |
_a21 pages : _bcolor illustrations ; _c25 cm . |
||
| 490 | _aពិភពរឿងនិទាន | ||
| 505 | _aJ | ||
| 520 | _aរឿង កំណប់ឪពុក មានគោលបំណងអប់រំកុមារឲ្យស្តាប់ពាក្យបង្រៀនរបស់ឪពុកម្ដាយ និងកុំសូវស្អិតជាមួយមិត្តអាក្រក់ ព្រោះវាអាចនាំឲ្យជួបគ្រោះថ្នាក់ និងបាត់បង់ពេលវេលាដ៏មានតម្លៃ។ ជាក់ស្តែងមក ក៏គេមិនគួរបោះបង់ការតស៊ូនោះឡើយ ព្រោះវាជាគន្លឹះដើម្បីនាំឲ្យបានជោគជ័យ និងលទ្ធផលល្អប្រសើរជាងមុន។ | ||
| 520 | _aFather's buried treasure is aimeed at educating the children to follow their parents' advice and not to keep company with bad friends as it might put them in a dangerous situation and wasteds their time. Practically, one should never give up his struggle for it is a key to achieve a better outcome . | ||
| 521 | 8 |
_a500
_bLexile estimate |
|
| 521 | 8 |
_aJ
_bRaz-Plus |
|
| 700 |
_aBunthorn, Theak _eIllustrator |
||
| 942 |
_2ddc _cKHB _n0 |
||
| 999 |
_c8546 _d8546 |
||